[Event "European Women's Championship"]
[Site "Vysoke Tatry"]
[Date "2018.04.18"]
[Round "10"]
[White "Tsolakidou, Stavroula"]
[Black "Mammadova, Gulnar"]
[Result "1/2-1/2"]
[Board "19"]
[WhiteElo "2430"]
[WhiteTitle "WGM"]
[WhiteCountry "GRE"]
[WhiteFideId "4264312"]
[WhiteEloChange "-1"]
[BlackElo "2360"]
[BlackTitle "IM"]
[BlackCountry "AZE"]
[BlackFideId "13403508"]
[BlackEloChange "2"]

1. d4 {[%clk 1:30:57]} d5 {[%clk 1:30:48]} 2. c4 {[%clk 1:31:21]} e6 {[%clk
1:31:08]} 3. Nf3 {[%clk 1:31:42]} c6 {[%clk 1:31:12]} 4. g3 {[%clk 1:31:53]} Nf6
{[%clk 1:30:54]} 5. Bg2 {[%clk 1:32:16]} Nbd7 {[%clk 1:30:43]} 6. O-O {[%clk
1:31:42]} Be7 {[%clk 1:31:09]} 7. Qc2 {[%clk 1:31:56]} O-O {[%clk 1:31:25]} 8.
Nbd2 {[%clk 1:32:21]} b6 {[%clk 1:31:38]} 9. e4 {[%clk 1:32:40]} Bb7 {[%clk
1:31:55]} 10. e5 {[%clk 1:32:36]} Ne8 {[%clk 1:32:19]} 11. cxd5 {[%clk 1:32:56]}
cxd5 {[%clk 1:32:40]} 12. Re1 {[%clk 1:32:38]} Rc8 {[%clk 1:30:28]} 13. Qa4
{[%clk 1:32:51]} Bc6 {[%clk 1:28:46]} 14. Qb3 {[%clk 1:30:29]} Nb8 {[%clk
1:23:54]} 15. Bf1 {[%clk 1:20:51]} Qd7 {[%clk 1:23:04]} 16. a4 {[%clk 1:07:50]}
Nc7 {[%clk 1:22:54]} 17. Bd3 {[%clk 1:06:40]} Nca6 {[%clk 1:20:37]} 18. Nf1
{[%clk 1:05:39]} Nb4 {[%clk 1:18:58]} 19. Bb1 {[%clk 1:06:02]} Bb7 {[%clk
1:14:02]} 20. Ne3 {[%clk 0:44:29]} N8c6 {[%clk 1:10:59]} 21. Qd1 {[%clk 0:36:48]}
Ba6 {[%clk 1:03:50]} 22. Ng4 {[%clk 0:32:52]} h5 {[%clk 0:47:21]} 23. Ne3 {[%clk
0:31:46]} Na5 {[%clk 0:44:04]} 24. Bd2 {[%clk 0:27:25]} g6 {[%clk 0:36:45]} 25.
Bc3 {[%clk 0:16:27]} Kg7 {[%clk 0:32:44]} 26. h4 {[%clk 0:16:26]} Bc4 {[%clk
0:24:35]} 27. Nd2 {[%clk 0:14:19]} Ba6 {[%clk 0:22:49]} 28. Nf3 {[%clk 0:14:41]}
Bc4 {[%clk 0:16:30]} 29. Nd2 {[%clk 0:14:31]} Ba6 {[%clk 0:15:37]} 30. Nb3 {[%clk
0:12:54]} Nbc6 {[%clk 0:10:59]} 31. Nxa5 {[%clk 0:12:02]} bxa5 {[%clk 0:10:12]}
32. Ng2 {[%clk 0:12:07]} Bb4 {[%clk 0:09:26]} 33. Bxb4 {[%clk 0:09:01]} axb4
{[%clk 0:08:03]} 34. Qd2 {[%clk 0:09:06]} Qe7 {[%clk 0:07:58]} 35. Ba2 {[%clk
0:01:07]} Na5 {[%clk 0:07:49]} 36. Rac1 {[%clk 0:01:33]} Bc4 {[%clk 0:05:32]} 37.
Bxc4 {[%clk 0:01:29]} dxc4 {[%clk 0:05:28]} 38. Qe3 {[%clk 0:00:37]} Nb3 {[%clk
0:04:15]} 39. Rc2 {[%clk 0:00:33]} Qd7 {[%clk 0:03:32]} 40. Nf4 {[%clk 0:30:45]}
Kh7 {[%clk 0:31:00]} 41. Rd1 {[%clk 0:24:48]} Qxa4 {[%clk 0:29:33]} 42. d5 {[%clk
0:23:13]} Nd4 {[%clk 0:18:00]} 43. Rcc1 {[%clk 0:18:20]} Nb3 {[%clk 0:14:03]} 44.
Rc2 {[%clk 0:15:03]} Rfd8 {[%clk 0:10:31]} 45. Qf3 {[%clk 0:05:05]} Nd4 {[%clk
0:07:54]} 46. Rxd4 {[%clk 0:05:30]} Qxc2 {[%clk 0:08:22]} 47. Nxe6 {[%clk
0:05:52]} Rd7 {[%clk 0:06:34]} 48. Ng5+ {[%clk 0:06:10]} Kg8 {[%clk 0:06:59]} 49.
e6 {[%clk 0:06:24]} fxe6 {[%clk 0:05:56]} 50. dxe6 {[%clk 0:06:42]} Re7 {[%clk
0:05:10]} 51. Qf6 {[%clk 0:03:55]} Rce8 {[%clk 0:02:58]} 52. Rd8 {[%clk 0:00:33]}
Rxd8 {[%clk 0:00:54]} 53. Qxe7 {[%clk 0:00:58]} Rd1+ {[%clk 0:01:08]} 54. Kg2
{[%clk 0:01:22]} Qf5 {[%clk 0:01:21]} 55. Qh7+ {[%clk 0:00:41]} Kf8 {[%clk
0:01:48]} 56. Qh8+ {[%clk 0:00:43]} Ke7 {[%clk 0:02:17]} 57. Qg7+ {[%clk
0:01:00]} Ke8 {[%clk 0:02:42]} 58. Qg8+ {[%clk 0:01:08]} Ke7 {[%clk 0:03:10]} 59.
Qg7+ {[%clk 0:00:41]} Kd8 {[%clk 0:01:52]} 60. Qg8+ {[%clk 0:00:45]} Ke7 {[%clk
0:01:23]} 61. Qg7+ {[%clk 0:01:01]} Kd8 {[%clk 0:01:52]} 62. Qg8+ {[%clk
0:01:24]} Ke7 {[%clk 0:00:50]} 63. Qg7+ {[%clk 0:01:50]} Kd8 {[%clk 0:01:17]} 64.
Qg8+ {[%clk 0:01:05]} Ke7 {[%clk 0:01:13]} 65. Qg7+ {[%clk 0:01:25]} Kd8 {[%clk
0:01:33]} 66. Qg8+ {[%clk 0:01:51]} 1/2-1/2

[Event "European Women's Championship"]
[Site "Vysoke Tatry"]
[Date "2018.04.18"]
[Round "10"]
[White "Nechaeva, Marina"]
[Black "Kursova, Maria"]
[Result "1/2-1/2"]
[Board "20"]
[WhiteElo "2413"]
[WhiteTitle "IM"]
[WhiteCountry "RUS"]
[WhiteFideId "4149351"]
[WhiteEloChange "-2"]
[BlackElo "2278"]
[BlackTitle "WGM"]
[BlackCountry "ARM"]
[BlackFideId "4129709"]
[BlackEloChange "4"]

1. d4 {[%clk 1:30:58]} Nf6 {[%clk 1:30:53]} 2. c4 {[%clk 1:31:24]} e6 {[%clk
1:31:16]} 3. Nc3 {[%clk 1:31:50]} Bb4 {[%clk 1:31:37]} 4. Qc2 {[%clk 1:32:16]} c5
{[%clk 1:31:53]} 5. dxc5 {[%clk 1:32:42]} O-O {[%clk 1:32:11]} 6. a3 {[%clk
1:33:09]} Bxc5 {[%clk 1:32:30]} 7. Nf3 {[%clk 1:33:36]} b6 {[%clk 1:32:42]} 8.
Bf4 {[%clk 1:34:02]} Bb7 {[%clk 1:32:57]} 9. Rd1 {[%clk 1:34:25]} Nc6 {[%clk
1:33:14]} 10. e3 {[%clk 1:34:36]} Nh5 {[%clk 1:32:30]} 11. Bg3 {[%clk 1:34:46]}
h6 {[%clk 1:08:31]} 12. Qd2 {[%clk 1:24:51]} Nxg3 {[%clk 1:07:06]} 13. hxg3
{[%clk 1:25:17]} Qb8 {[%clk 1:03:47]} 14. Be2 {[%clk 1:15:05]} Rd8 {[%clk
1:01:18]} 15. g4 {[%clk 0:51:29]} Be7 {[%clk 0:51:45]} 16. e4 {[%clk 0:42:31]} f6
{[%clk 0:29:38]} 17. Nh4 {[%clk 0:41:30]} g5 {[%clk 0:19:56]} 18. Nf3 {[%clk
0:33:02]} Bf8 {[%clk 0:17:00]} 19. g3 {[%clk 0:28:48]} Kg7 {[%clk 0:11:32]} 20.
O-O {[%clk 0:16:49]} a6 {[%clk 0:09:14]} 21. Rfe1 {[%clk 0:14:03]} Qc7 {[%clk
0:09:18]} 22. Bf1 {[%clk 0:12:46]} Ne5 {[%clk 0:08:44]} 23. Nxe5 {[%clk 0:13:07]}
fxe5 {[%clk 0:09:07]} 24. b4 {[%clk 0:12:17]} Bc6 {[%clk 0:04:55]} 25. Qe3 {[%clk
0:09:45]} Rab8 {[%clk 0:04:49]} 26. Bd3 {[%clk 0:07:56]} Ba8 {[%clk 0:03:10]} 27.
Rc1 {[%clk 0:07:24]} Qd6 {[%clk 0:02:37]} 28. Red1 {[%clk 0:06:28]} a5 {[%clk
0:02:05]} 29. Be2 {[%clk 0:02:08]} Qe7 {[%clk 0:02:06]} 30. Rb1 {[%clk 0:02:26]}
Bc6 {[%clk 0:02:07]} 31. Rd3 {[%clk 0:02:22]} axb4 {[%clk 0:01:05]} 32. axb4
{[%clk 0:02:49]} b5 {[%clk 0:01:22]} 33. cxb5 {[%clk 0:01:28]} Bxb5 {[%clk
0:01:47]} 34. Nxb5 {[%clk 0:01:52]} Rxb5 {[%clk 0:02:14]} 35. Rdb3 {[%clk
0:02:15]} Rbb8 {[%clk 0:01:40]} 36. b5 {[%clk 0:02:39]} Qc5 {[%clk 0:01:58]} 37.
b6 {[%clk 0:01:36]} Qxe3 {[%clk 0:02:20]} 38. fxe3 {[%clk 0:02:00]} Bc5 {[%clk
0:02:31]} 39. b7 {[%clk 0:02:24]} d6 {[%clk 0:02:12]} 40. Kg2 {[%clk 0:31:50]}
Kf6 {[%clk 0:31:14]} 41. Rh1 {[%clk 0:25:18]} Rh8 {[%clk 0:30:40]} 42. Bc4 {[%clk
0:24:54]} Ke7 {[%clk 0:24:31]} 43. Kf3 {[%clk 0:25:21]} Rhf8+ {[%clk 0:24:15]}
44. Ke2 {[%clk 0:25:47]} Rf6 {[%clk 0:24:10]} 45. Ba6 {[%clk 0:18:43]} Kd7 {[%clk
0:21:38]} 46. Rhb1 {[%clk 0:16:57]} 1/2-1/2

[Event "European Women's Championship"]
[Site "Vysoke Tatry"]
[Date "2018.04.18"]
[Round "10"]
[White "Antolak, Julia"]
[Black "Danielian, Elina"]
[Result "1-0"]
[Board "21"]
[WhiteElo "2212"]
[WhiteTitle "WFM"]
[WhiteCountry "POL"]
[WhiteFideId "1159569"]
[WhiteEloChange "15"]
[BlackElo "2410"]
[BlackTitle "GM"]
[BlackCountry "ARM"]
[BlackFideId "13300210"]
[BlackEloChange "-8"]

1. e4 {[%clk 1:30:57]} d6 {[%clk 1:30:49]} 2. d4 {[%clk 1:31:16]} g6 {[%clk
1:31:13]} 3. Nc3 {[%clk 1:31:37]} Bg7 {[%clk 1:31:25]} 4. Be3 {[%clk 1:32:02]} a6
{[%clk 1:31:27]} 5. h4 {[%clk 1:30:32]} h5 {[%clk 1:31:25]} 6. f3 {[%clk
1:29:59]} b5 {[%clk 1:30:17]} 7. Qd2 {[%clk 1:27:12]} c6 {[%clk 1:25:02]} 8. Bd3
{[%clk 1:20:49]} Nf6 {[%clk 1:23:04]} 9. Nh3 {[%clk 1:07:48]} Bxh3 {[%clk
1:23:20]} 10. Rxh3 {[%clk 1:08:13]} Nbd7 {[%clk 1:22:21]} 11. f4 {[%clk 1:07:15]}
e5 {[%clk 1:16:39]} 12. dxe5 {[%clk 1:05:55]} dxe5 {[%clk 1:17:06]} 13. f5 {[%clk
1:05:12]} Ng4 {[%clk 1:13:24]} 14. fxg6 {[%clk 1:02:41]} fxg6 {[%clk 1:13:49]}
15. Bg5 {[%clk 1:02:07]} Ndf6 {[%clk 1:09:54]} 16. O-O-O {[%clk 0:57:31]} O-O
{[%clk 1:10:06]} 17. Qe1 {[%clk 0:50:01]} Qe8 {[%clk 1:08:31]} 18. Be2 {[%clk
0:48:49]} Rd8 {[%clk 0:49:39]} 19. Bxg4 {[%clk 0:40:05]} hxg4 {[%clk 0:48:26]}
20. Rxd8 {[%clk 0:39:50]} Qxd8 {[%clk 0:48:53]} 21. Rd3 {[%clk 0:40:13]} Qa5
{[%clk 0:43:25]} 22. a3 {[%clk 0:35:15]} b4 {[%clk 0:39:46]} 23. Nb1 {[%clk
0:26:11]} c5 {[%clk 0:38:51]} 24. Bd2 {[%clk 0:25:11]} Qa4 {[%clk 0:25:49]} 25.
axb4 {[%clk 0:22:58]} cxb4 {[%clk 0:25:38]} 26. Bxb4 {[%clk 0:22:04]} Rb8 {[%clk
0:24:15]} 27. Rb3 {[%clk 0:20:43]} Rd8 {[%clk 0:15:01]} 28. Rd3 {[%clk 0:19:22]}
Rc8 {[%clk 0:12:22]} 29. Na3 {[%clk 0:18:28]} a5 {[%clk 0:09:53]} 30. Bxa5 {[%clk
0:17:59]} Nxe4 {[%clk 0:08:39]} 31. Rd8+ {[%clk 0:11:48]} Rxd8 {[%clk 0:09:03]}
32. Bxd8 {[%clk 0:12:15]} Qd4 {[%clk 0:06:06]} 33. Ba5 {[%clk 0:11:29]} g3 {[%clk
0:03:08]} 34. Kb1 {[%clk 0:10:20]} Nf2 {[%clk 0:02:07]} 35. Bc3 {[%clk 0:09:38]}
Qd5 {[%clk 0:02:02]} 36. Qf1 {[%clk 0:07:29]} Kh7 {[%clk 0:02:30]} 37. Nc4 {[%clk
0:06:53]} e4 {[%clk 0:00:39]} 38. Bxg7 {[%clk 0:05:45]} Kxg7 {[%clk 0:01:07]} 39.
Qe2 {[%clk 0:05:35]} Nd1 {[%clk 0:00:35]} 40. Nd2 {[%clk 0:34:26]} Qd4 {[%clk
0:30:34]} 41. c3 {[%clk 0:23:49]} Qg1 {[%clk 0:28:47]} 42. Qf1 {[%clk 0:23:13]}
Qxf1 {[%clk 0:18:49]} 43. Nxf1 {[%clk 0:23:37]} Kf6 {[%clk 0:19:13]} 44. Kc2
{[%clk 0:20:14]} Nf2 {[%clk 0:19:41]} 45. Nxg3 {[%clk 0:20:37]} Ke5 {[%clk
0:20:08]} 46. Kd2 {[%clk 0:20:32]} Nd3 {[%clk 0:20:08]} 47. b4 {[%clk 0:20:23]}
Nf4 {[%clk 0:20:12]} 48. b5 {[%clk 0:17:15]} Nxg2 {[%clk 0:19:36]} 49. Nxe4
{[%clk 0:14:28]} Ke6 {[%clk 0:20:04]} 50. Ng5+ {[%clk 0:12:52]} Kd6 {[%clk
0:20:21]} 51. Nf3 {[%clk 0:13:15]} Kc5 {[%clk 0:19:39]} 52. c4 {[%clk 0:13:24]}
Nf4 {[%clk 0:19:58]} 53. Ne5 {[%clk 0:11:49]} Kd6 {[%clk 0:16:03]} 54. b6 {[%clk
0:08:18]} Ne6 {[%clk 0:16:17]} 55. Kc3 {[%clk 0:07:30]} Nd8 {[%clk 0:11:50]} 56.
Nxg6 {[%clk 0:07:41]} Kc6 {[%clk 0:12:17]} 57. h5 {[%clk 0:08:02]} Ne6 {[%clk
0:08:26]} 58. h6 {[%clk 0:07:27]} Ng5 {[%clk 0:08:26]} 59. c5 {[%clk 0:07:35]}
Ne4+ {[%clk 0:08:18]} 60. Kc4 {[%clk 0:07:42]} 1-0

[Event "European Women's Championship"]
[Site "Vysoke Tatry"]
[Date "2018.04.18"]
[Round "10"]
[White "Khotenashvili, Bela"]
[Black "Osmanodja, Filiz"]
[Result "1/2-1/2"]
[Board "22"]
[WhiteElo "2484"]
[WhiteTitle "GM"]
[WhiteCountry "GEO"]
[WhiteFideId "13602640"]
[WhiteEloChange "-2"]
[BlackElo "2300"]
[BlackTitle "WIM"]
[BlackCountry "GER"]
[BlackFideId "24633569"]
[BlackEloChange "5"]

1. d4 {[%clk 1:30:57]} Nf6 {[%clk 1:30:56]} 2. c4 {[%clk 1:31:22]} e6 {[%clk
1:31:18]} 3. Nf3 {[%clk 1:31:46]} b6 {[%clk 1:31:32]} 4. Bf4 {[%clk 1:31:24]} Bb7
{[%clk 1:30:33]} 5. e3 {[%clk 1:31:38]} Be7 {[%clk 1:30:39]} 6. Nc3 {[%clk
1:28:40]} Nh5 {[%clk 1:26:31]} 7. Bg3 {[%clk 1:28:52]} d6 {[%clk 1:26:16]} 8. Bd3
{[%clk 1:17:47]} Nd7 {[%clk 1:24:06]} 9. Qc2 {[%clk 1:08:14]} g6 {[%clk 1:21:32]}
10. Be4 {[%clk 1:02:00]} c6 {[%clk 1:04:48]} 11. a3 {[%clk 0:57:05]} Nxg3 {[%clk
0:58:55]} 12. hxg3 {[%clk 0:56:32]} Qc7 {[%clk 0:44:39]} 13. Bd3 {[%clk 0:37:42]}
a6 {[%clk 0:43:51]} 14. Rc1 {[%clk 0:33:16]} c5 {[%clk 0:38:53]} 15. Be4 {[%clk
0:32:49]} cxd4 {[%clk 0:32:31]} 16. exd4 {[%clk 0:30:20]} Nf6 {[%clk 0:30:12]}
17. Bxb7 {[%clk 0:28:43]} Qxb7 {[%clk 0:30:40]} 18. d5 {[%clk 0:23:12]} e5 {[%clk
0:29:00]} 19. a4 {[%clk 0:20:11]} Rc8 {[%clk 0:27:31]} 20. Nd2 {[%clk 0:13:07]}
Kf8 {[%clk 0:24:25]} 21. Qd3 {[%clk 0:04:23]} Kg7 {[%clk 0:24:29]} 22. Rd1 {[%clk
0:02:46]} h5 {[%clk 0:21:32]} 23. b3 {[%clk 0:03:11]} Ng4 {[%clk 0:17:04]} 24.
Ndb1 {[%clk 0:02:48]} Qa7 {[%clk 0:13:29]} 25. f3 {[%clk 0:00:54]} Nh6 {[%clk
0:13:29]} 26. Na3 {[%clk 0:01:15]} Nf5 {[%clk 0:07:20]} 27. Ne4 {[%clk 0:01:44]}
Nd4 {[%clk 0:06:55]} 28. f4 {[%clk 0:01:37]} f5 {[%clk 0:05:58]} 29. Nd2 {[%clk
0:02:06]} Bf6 {[%clk 0:05:23]} 30. fxe5 {[%clk 0:01:21]} dxe5 {[%clk 0:05:28]}
31. Nf1 {[%clk 0:01:01]} Qe7 {[%clk 0:04:00]} 32. Nc2 {[%clk 0:00:35]} e4 {[%clk
0:04:02]} 33. Qd2 {[%clk 0:00:49]} Nxb3 {[%clk 0:02:43]} 34. Qe3 {[%clk 0:00:35]}
Nc5 {[%clk 0:02:09]} 35. Nd4 {[%clk 0:00:41]} Nd3+ {[%clk 0:01:44]} 36. Rxd3
{[%clk 0:01:06]} exd3 {[%clk 0:01:48]} 37. Ne6+ {[%clk 0:00:41]} Kf7 {[%clk
0:02:17]} 38. Nd2 {[%clk 0:00:46]} h4 {[%clk 0:01:25]} 39. g4 {[%clk 0:00:36]}
Qd6 {[%clk 0:00:46]} 40. O-O {[%clk 0:30:32]} h3 {[%clk 0:30:34]} 41. gxh3 {[%clk
0:20:24]} b5 {[%clk 0:09:04]} 42. axb5 {[%clk 0:19:37]} axb5 {[%clk 0:09:27]} 43.
gxf5 {[%clk 0:05:36]} Rcg8 {[%clk 0:09:49]} 44. Qa7+ {[%clk 0:02:15]} Qe7 {[%clk
0:06:16]} 45. Qxe7+ {[%clk 0:02:13]} Kxe7 {[%clk 0:06:09]} 46. Rf3 {[%clk
0:01:21]} gxf5+ {[%clk 0:05:37]} 47. Kf1 {[%clk 0:01:49]} bxc4 {[%clk 0:01:49]}
48. Nxc4 {[%clk 0:02:18]} Rc8 {[%clk 0:01:27]} 49. Nc7 {[%clk 0:01:58]} d2 {[%clk
0:00:36]} 50. Ke2 {[%clk 0:01:19]} Rh4 {[%clk 0:00:45]} 51. d6+ {[%clk 0:01:37]}
Kd7 {[%clk 0:00:40]} 52. Nb6+ {[%clk 0:01:21]} Kxd6 {[%clk 0:01:07]} 53. Nb5+
{[%clk 0:01:21]} Ke5 {[%clk 0:00:41]} 54. Re3+ {[%clk 0:01:00]} Re4 {[%clk
0:00:47]} 55. Rxe4+ {[%clk 0:01:12]} fxe4 {[%clk 0:00:40]} 56. Nxc8 {[%clk
0:01:36]} Kf4 {[%clk 0:00:38]} 57. Nb6 {[%clk 0:01:21]} Kg3 {[%clk 0:00:52]} 58.
Nc4 {[%clk 0:01:22]} Bg5 {[%clk 0:00:43]} 1/2-1/2

[Event "European Women's Championship"]
[Site "Vysoke Tatry"]
[Date "2018.04.18"]
[Round "10"]
[White "Charochkina, Daria"]
[Black "Socko, Monika"]
[Result "1/2-1/2"]
[Board "23"]
[WhiteElo "2326"]
[WhiteTitle "IM"]
[WhiteCountry "RUS"]
[WhiteFideId "4180917"]
[WhiteEloChange "4"]
[BlackElo "2471"]
[BlackTitle "GM"]
[BlackCountry "POL"]
[BlackFideId "1106619"]
[BlackEloChange "-2"]

1. c4 {[%clk 1:30:59]} e5 {[%clk 1:30:43]} 2. Nc3 {[%clk 1:31:20]} Nc6 {[%clk
1:30:42]} 3. g3 {[%clk 1:31:10]} Nf6 {[%clk 1:31:06]} 4. Bg2 {[%clk 1:31:23]} g6
{[%clk 1:30:55]} 5. Rb1 {[%clk 1:30:20]} a5 {[%clk 1:30:52]} 6. d3 {[%clk
1:30:32]} Bg7 {[%clk 1:30:28]} 7. e3 {[%clk 1:30:43]} O-O {[%clk 1:29:46]} 8.
Nge2 {[%clk 1:31:09]} d6 {[%clk 1:26:46]} 9. O-O {[%clk 1:30:23]} Re8 {[%clk
1:19:57]} 10. h3 {[%clk 1:26:44]} Be6 {[%clk 1:16:50]} 11. e4 {[%clk 1:23:06]}
Nd7 {[%clk 1:11:48]} 12. Be3 {[%clk 1:22:55]} Nc5 {[%clk 1:06:51]} 13. a3 {[%clk
1:18:00]} Bd7 {[%clk 1:05:46]} 14. f4 {[%clk 0:53:26]} Nd4 {[%clk 1:02:11]} 15.
b4 {[%clk 0:46:31]} axb4 {[%clk 1:02:12]} 16. axb4 {[%clk 0:46:55]} Na4 {[%clk
0:58:23]} 17. Nxa4 {[%clk 0:40:49]} Rxa4 {[%clk 0:55:55]} 18. f5 {[%clk 0:39:35]}
Ra3 {[%clk 0:50:24]} 19. Nxd4 {[%clk 0:25:16]} exd4 {[%clk 0:50:49]} 20. Bc1
{[%clk 0:25:45]} Ra7 {[%clk 0:42:19]} 21. g4 {[%clk 0:18:31]} Qh4 {[%clk
0:32:38]} 22. b5 {[%clk 0:16:43]} Ra2 {[%clk 0:30:47]} 23. Rb2 {[%clk 0:17:10]}
Rxb2 {[%clk 0:25:25]} 24. Bxb2 {[%clk 0:17:31]} Be5 {[%clk 0:25:12]} 25. Qf3
{[%clk 0:17:20]} gxf5 {[%clk 0:25:12]} 26. exf5 {[%clk 0:17:20]} c6 {[%clk
0:23:05]} 27. Bc1 {[%clk 0:14:10]} cxb5 {[%clk 0:18:39]} 28. Qxb7 {[%clk
0:04:28]} Qg3 {[%clk 0:16:55]} 29. Rf2 {[%clk 0:03:09]} Bf6 {[%clk 0:16:55]} 30.
Bd2 {[%clk 0:03:09]} Re7 {[%clk 0:07:55]} 31. cxb5 {[%clk 0:03:31]} Qxd3 {[%clk
0:06:55]} 32. g5 {[%clk 0:02:09]} Bxb5 {[%clk 0:07:06]} 33. Qb8+ {[%clk 0:02:27]}
Re8 {[%clk 0:07:35]} 34. Qxd6 {[%clk 0:02:50]} Be5 {[%clk 0:07:25]} 35. Qb4
{[%clk 0:03:05]} Rb8 {[%clk 0:05:21]} 36. Bf1 {[%clk 0:03:14]} Qg3+ {[%clk
0:03:40]} 37. Rg2 {[%clk 0:03:41]} Bxf1 {[%clk 0:00:50]} 38. Qxb8+ {[%clk
0:03:33]} Bxb8 {[%clk 0:01:19]} 39. Rxg3 {[%clk 0:03:58]} Bxg3 {[%clk 0:01:47]}
40. Kxf1 {[%clk 0:34:23]} f6 {[%clk 0:31:14]} 41. Kg2 {[%clk 0:29:58]} Bh4 {[%clk
0:29:59]} 1/2-1/2

[Event "European Women's Championship"]
[Site "Vysoke Tatry"]
[Date "2018.04.18"]
[Round "10"]
[White "Tomilova, Elena"]
[Black "Zimina, Olga"]
[Result "0-1"]
[Board "24"]
[WhiteElo "2326"]
[WhiteTitle "WIM"]
[WhiteCountry "RUS"]
[WhiteFideId "4162340"]
[WhiteEloChange "-8"]
[BlackElo "2414"]
[BlackTitle "IM"]
[BlackCountry "ITA"]
[BlackFideId "4132190"]
[BlackEloChange "4"]

1. d4 {[%clk 1:30:58]} d5 {[%clk 1:30:37]} 2. c4 {[%clk 1:31:19]} c6 {[%clk
1:31:02]} 3. Nf3 {[%clk 1:31:43]} Nf6 {[%clk 1:31:27]} 4. Qc2 {[%clk 1:32:04]} a6
{[%clk 1:30:20]} 5. Nbd2 {[%clk 1:23:37]} g6 {[%clk 1:26:24]} 6. e3 {[%clk
1:21:07]} Bf5 {[%clk 1:26:41]} 7. Qb3 {[%clk 1:19:57]} Qc7 {[%clk 1:24:10]} 8.
Ne5 {[%clk 1:16:13]} Bg7 {[%clk 1:22:02]} 9. Be2 {[%clk 1:13:12]} O-O {[%clk
1:20:51]} 10. O-O {[%clk 1:10:17]} Nbd7 {[%clk 1:19:56]} 11. f4 {[%clk 1:04:02]}
c5 {[%clk 1:16:47]} 12. Ndf3 {[%clk 0:57:26]} cxd4 {[%clk 1:06:50]} 13. cxd5
{[%clk 0:51:46]} Be4 {[%clk 0:51:34]} 14. exd4 {[%clk 0:44:53]} Bxd5 {[%clk
0:50:35]} 15. Qe3 {[%clk 0:43:11]} e6 {[%clk 0:44:37]} 16. Bd2 {[%clk 0:42:44]}
Qb6 {[%clk 0:44:57]} 17. Qa3 {[%clk 0:40:47]} Bxf3 {[%clk 0:35:01]} 18. Nxf3
{[%clk 0:34:35]} Nd5 {[%clk 0:33:58]} 19. Kh1 {[%clk 0:27:22]} Rfc8 {[%clk
0:29:49]} 20. Ba5 {[%clk 0:25:27]} Bf8 {[%clk 0:30:08]} 21. Qa4 {[%clk 0:21:52]}
Qd6 {[%clk 0:27:46]} 22. Ne5 {[%clk 0:21:16]} b5 {[%clk 0:25:34]} 23. Qb3 {[%clk
0:20:30]} Rab8 {[%clk 0:23:50]} 24. Bd2 {[%clk 0:14:54]} N7b6 {[%clk 0:22:37]}
25. Rad1 {[%clk 0:14:09]} Nc4 {[%clk 0:20:07]} 26. Bc1 {[%clk 0:14:13]} Qb4
{[%clk 0:17:29]} 27. Qf3 {[%clk 0:11:49]} Qd6 {[%clk 0:08:03]} 28. Qh3 {[%clk
0:11:18]} Bg7 {[%clk 0:07:59]} 29. Bd3 {[%clk 0:10:13]} Ne7 {[%clk 0:08:08]} 30.
Be4 {[%clk 0:08:52]} Nb6 {[%clk 0:08:27]} 31. Qf3 {[%clk 0:05:59]} Nbd5 {[%clk
0:08:38]} 32. Bb1 {[%clk 0:06:02]} Nf6 {[%clk 0:08:49]} 33. Rfe1 {[%clk 0:05:48]}
Qd5 {[%clk 0:08:56]} 34. Qa3 {[%clk 0:05:31]} Qb7 {[%clk 0:07:53]} 35. Qh3 {[%clk
0:05:22]} Nf5 {[%clk 0:07:36]} 36. a3 {[%clk 0:03:12]} Rd8 {[%clk 0:07:51]} 37.
Ba2 {[%clk 0:03:22]} Rxd4 {[%clk 0:05:01]} 38. Rxd4 {[%clk 0:03:00]} Nxd4 {[%clk
0:05:29]} 39. Qc3 {[%clk 0:02:58]} Rd8 {[%clk 0:05:21]} 40. Qa5 {[%clk 0:32:16]}
Rd6 {[%clk 0:34:19]} 41. Bb1 {[%clk 0:27:05]} Nd5 {[%clk 0:16:43]} 42. Qd2 {[%clk
0:25:01]} Nb3 {[%clk 0:12:56]} 43. Qf2 {[%clk 0:25:22]} Qb6 {[%clk 0:11:11]} 44.
Qf3 {[%clk 0:24:43]} Nxc1 {[%clk 0:09:54]} 45. Rxc1 {[%clk 0:25:11]} Qe3 {[%clk
0:09:51]} 46. Qxe3 {[%clk 0:21:14]} Nxe3 {[%clk 0:10:17]} 47. Rc8+ {[%clk
0:21:19]} Bf8 {[%clk 0:10:44]} 48. Kg1 {[%clk 0:21:41]} Nd5 {[%clk 0:06:13]} 49.
Nd3 {[%clk 0:19:57]} Nxf4 {[%clk 0:05:19]} 50. Nxf4 {[%clk 0:20:05]} Rd1+ {[%clk
0:05:48]} 51. Kf2 {[%clk 0:20:30]} Rxb1 {[%clk 0:06:14]} 52. Nd3 {[%clk 0:20:54]}
a5 {[%clk 0:05:12]} 53. Ra8 {[%clk 0:20:11]} a4 {[%clk 0:03:25]} 54. Rb8 {[%clk
0:19:05]} Kg7 {[%clk 0:03:50]} 55. g4 {[%clk 0:17:56]} h6 {[%clk 0:02:44]} 56.
Ke3 {[%clk 0:17:43]} f5 {[%clk 0:02:14]} 57. h3 {[%clk 0:17:05]} Be7 {[%clk
0:01:11]} 58. Kd2 {[%clk 0:16:47]} Rh1 {[%clk 0:01:03]} 59. gxf5 {[%clk 0:16:54]}
gxf5 {[%clk 0:01:27]} 60. Rxb5 {[%clk 0:17:11]} Rxh3 {[%clk 0:01:51]} 61. Rb7
{[%clk 0:16:40]} Kf6 {[%clk 0:01:48]} 62. Ra7 {[%clk 0:15:46]} Rh4 {[%clk
0:02:12]} 63. Ke3 {[%clk 0:15:57]} Re4+ {[%clk 0:01:33]} 64. Kf3 {[%clk 0:16:16]}
Bd6 {[%clk 0:01:53]} 65. Ra6 {[%clk 0:16:13]} Rd4 {[%clk 0:02:13]} 66. Ke3 {[%clk
0:14:53]} e5 {[%clk 0:02:18]} 67. Nb4 {[%clk 0:14:54]} f4+ {[%clk 0:02:34]} 68.
Ke2 {[%clk 0:15:09]} Kf5 {[%clk 0:02:34]} 69. Nc2 {[%clk 0:14:50]} Rd5 {[%clk
0:00:53]} 70. Rxa4 {[%clk 0:15:08]} e4 {[%clk 0:00:53]} 71. Nd4+ {[%clk 0:15:01]}
Kg4 {[%clk 0:01:16]} 72. Ne6 {[%clk 0:14:41]} Re5 {[%clk 0:01:31]} 73. Nd4 {[%clk
0:14:18]} Rh5 {[%clk 0:01:49]} 74. Ra6 {[%clk 0:14:14]} Be5 {[%clk 0:01:33]} 75.
Rg6+ {[%clk 0:13:33]} Rg5 {[%clk 0:01:59]} 76. Nc6 {[%clk 0:11:02]} Bxb2 {[%clk
0:02:15]} 77. Rxh6 {[%clk 0:11:07]} Bxa3 {[%clk 0:01:46]} 78. Nd4 {[%clk
0:11:15]} f3+ {[%clk 0:01:07]} 79. Kf1 {[%clk 0:11:38]} Rd5 {[%clk 0:00:51]} 80.
Rg6+ {[%clk 0:10:29]} Kh5 {[%clk 0:01:06]} 81. Ra6 {[%clk 0:10:36]} Rxd4 {[%clk
0:01:01]} 82. Rxa3 {[%clk 0:11:01]} Kg4 {[%clk 0:01:24]} 83. Ra8 {[%clk 0:11:09]}
Kf4 {[%clk 0:01:49]} 0-1